000 01016nam a22002537a 4500
001 6785
003 FISKH
005 20250528103933.0
008 250528b cb ||||| |||| 00| 0 eng d
020 _a9780764162039
040 _aFISKH
_beng
_cFISKH
_dFISKH
082 _a940.1
100 _aChrisp, Peter
245 _aImagine you're a knight /
_cWritten by Peter Chrisp , Consultant : Christopher Gravett
260 _aNew York :
_bBarron's Educational Series, Inc ,
_c2009.
300 _a20 pages :
_bcolor illustrations ;
_c26 cm .
520 _aIntroduces medieval knights and the world in which they lived, including their training, their mounts, heraldry, their arms and gear, tournaments, and warfare, and offers paper models of knights on foot and mounted, and a knight's helmet.
650 _aMiddle ages
_vNon-fiction
700 _aLathwell, Alan
_eIllustrator
700 _aForder, Nicholas
_eIllustrator
700 _aCrowson, Andrew
_eIllustrator
942 _2ddc
_cBK
_n0
999 _c6785
_d6785